| 000 | 01424cam a2200265 4500 | ||
|---|---|---|---|
| 008 | 031029n2002 000 0 eng u | ||
| 020 | _a905809507X | ||
| 035 | _a(Sirsi) u124125 | ||
| 041 | _aeng | ||
| 050 |
_a690.02854 _c21 |
||
| 111 |
_aEuropean Conference on Product and Process Modelling in the Building and Related Industries _n(4th _d2002 _cPortoroz, Solvenia) |
||
| 245 |
_aEwork and ebusiness in architecture, engineering and construction _bproceedings of the 4th European conference on product and process modelling in the building and related industries, Portoroz, Slovenia 9-11 September 2002 |
||
| 260 |
_aLiss _aAbingdon _bBalkema _c2002 |
||
| 300 |
_axvi, 716p. _c26cm. |
||
| 350 | _a142.50 | ||
| 520 | _aA collection of papers from the conference. Includes: keynote papers; virtual enterprise environments; ebusiness; construction managment; simulation and planning; process modelling; conceptual modelling; project data management; standard models; product models; geometric models; conformance checking; collaborative engineering; concurrent engineering; web services; mobile computing; knowledge management; and education. Contains an author index. | ||
| 650 | _aEBUSINESS | ||
| 650 | _aARCHITECTURE | ||
| 650 | _aENGINEERING | ||
| 650 | _aBUILT ENVIRONMENT | ||
| 690 | _aMANAGEMENT-BUSINESS MANAGEMENT-INFORMATION MANAGEMENT | ||
| 700 | _aTurk, Z. | ||
| 700 | _aScherer, R. | ||
| 942 | _n0 | ||
| 999 |
_c103156 _d103156 |
||